The Cleveland Orchestra at Carnegie Hall.
The concert opens with Suppé's "Light Cavalry" Overture. The center of the program is devoted to Mozart, as 2006 was the so-called "Mozart Year," celebrating the 250th anniversary of the composer's birth. For the K. 453 Piano Concerto in G major, the Cleveland Orchestra...
| Corporate Authors: | , , |
|---|---|
| Other Authors: | , , , , , , , |
| Format: | Video |
| Language: | Italian |
| Language Notes: | The opera arias sung in Italian; subtitles in Italian, English, German and French. |
| Published: |
[Leipzig] :
EuroArts,
2006-2007.
|
| Series: | Classical music in video
|
| Subjects: | |
| Online Access: | Connect to this streaming video (Alexander Street Press) Connect to this streaming video (Alexander Street Press) |
MARC
| Tag | First Indicator | Second Indicator | Subfields |
|---|---|---|---|
| LEADER | 00000cgm a2200000Ma 4500 | ||
| 001 | in00005546113 | ||
| 006 | m o c | ||
| 007 | cr |n|---||a|a | ||
| 007 | vz |zazu| | ||
| 008 | 071102m20062007gw 076 g o vlita d | ||
| 005 | 20241201230224.3 | ||
| 035 | |a (OCoLC)ocn808816860 | ||
| 040 | |a ALSTP |b eng |e pn |c ALSTP |d OCLCO |d OCLCQ |d OCLCO |d OCLCQ |d COO |d OCLCO |d OCLCA |d OCLCF |d OCLCQ |d CUS |d OCL |d OCLCQ |d OCLCO |d OCL |d OCLCO |d OCLCQ |d IAA |d OCLCO |d OCLCA |d INT |d OCLCQ |d YOU |d OCLCO |d UPM |d OCLCO |d WYU |d OCLCA |d OCLCO |d OCLCL | ||
| 019 | |a 1065772612 |a 1406304302 |a 1418770192 | ||
| 033 | 0 | 0 | |a 20061004 |
| 035 | |a (OCoLC)808816860 |z (OCoLC)1065772612 |z (OCoLC)1406304302 |z (OCoLC)1418770192 | ||
| 041 | 0 | |g ita |j ita |j eng |j ger |j fre |h ita |g eng |g fre |g ger |m eng | |
| 049 | |a TXAM | ||
| 110 | 2 | |a Cleveland Orchestra, |e performer. |4 prf | |
| 245 | 1 | 4 | |a The Cleveland Orchestra at Carnegie Hall. |
| 246 | 1 | |i Original container title: |a Carnegie Hall opening night, 2006 : |b the Cleveland Orchestra | |
| 260 | |a [Leipzig] : |b EuroArts, |c 2006-2007. | ||
| 300 | |a 1 online resource (70 min.). | ||
| 336 | |a two-dimensional moving image |b tdi |2 rdacontent | ||
| 337 | |a computer |b c |2 rdamedia | ||
| 338 | |a online resource |b cr |2 rdacarrier | ||
| 344 | |a digital |2 rda | ||
| 347 | |a streaming video file |2 rda | ||
| 380 | |a Videorecording | ||
| 490 | 0 | |a Classical music in video | |
| 520 | |a The concert opens with Suppé's "Light Cavalry" Overture. The center of the program is devoted to Mozart, as 2006 was the so-called "Mozart Year," celebrating the 250th anniversary of the composer's birth. For the K. 453 Piano Concerto in G major, the Cleveland Orchestra is joined by pianist Leif Ove Andsnes. Soprano Dorothea Röschmann, in a last-minute substitution to the program, performs two excerpts from The Marriage of Figaro. This is followed by three works by Johann Strauss. | ||
| 505 | 0 | |a Leichte Kavallerie. Ouvertüre / Franz von Suppé -- Concerto for piano and orchestra no. 17 in G major, K. 453 / Wolfgang Amadeus Mozart -- Le nozze di Figaro : K. 492. Porgi, amor, qualche ristoro ; E Susanna non vien! ... Dove sono i bei momenti / Wolfgang Amadeus Mozart -- Künsterleben : walzer, op. 316 ; Annen-Polka : op. 117 ; Die Fledermaus. Overture / Johann Strauss II. | |
| 546 | |a The opera arias sung in Italian; subtitles in Italian, English, German and French. | ||
| 650 | 0 | |a Concertos (Piano) | |
| 650 | 0 | |a Operas |v Excerpts. | |
| 650 | 0 | |a Overtures. | |
| 650 | 0 | |a Polkas. | |
| 650 | 0 | |a Waltzes. | |
| 650 | 6 | |a Concertos (Piano) | |
| 650 | 6 | |a Opéras |v Extraits. | |
| 650 | 6 | |a Ouvertures (Orchestre) | |
| 650 | 6 | |a Polkas. | |
| 650 | 6 | |a Valses. | |
| 650 | 7 | |a Concertos (Piano) |2 fast |0 (OCoLC)fst00873657 | |
| 650 | 7 | |a Operas |x Excerpts. |2 fast |0 (OCoLC)fst01046203 | |
| 650 | 7 | |a Overtures. |2 fast |0 (OCoLC)fst01049384 | |
| 650 | 7 | |a Polkas. |2 fast |0 (OCoLC)fst01069995 | |
| 650 | 7 | |a Waltzes. |2 fast |0 (OCoLC)fst01170245 | |
| 655 | 4 | |a Streaming videos. | |
| 655 | 7 | |a Filmed performances. |2 fast |0 (OCoLC)fst01726178 | |
| 655 | 7 | |a Nonfiction television programs. |2 fast |0 (OCoLC)fst01710270 | |
| 655 | 7 | |a Nonfiction television programs. |2 lcgft | |
| 655 | 7 | |a Filmed performances. |2 lcgft | |
| 655 | 7 | |a Émissions télévisées autres que de fiction. |2 rvmgf | |
| 655 | 7 | |a Spectacles filmés. |2 rvmgf | |
| 700 | 1 | |a Andsnes, Leif Ove, |d 1970- |e performer. |4 prf |1 https://id.oclc.org/worldcat/entity/E39PBJhxjhKBwrMbHBGx6V7yh3 | |
| 700 | 1 | |a Large, Brian, |e director. |4 drt | |
| 700 | 1 | |a Röschmann, Dorothea, |e performer. |4 prf | |
| 700 | 1 | |a Walker, John, |e producer. |4 pro | |
| 700 | 1 | |a Welser-Möst, Franz, |e conductor. |4 cnd | |
| 700 | 1 | 2 | |i Container of (work): |a Mozart, Wolfgang Amadeus, |d 1756-1791. |t Concertos, |m piano, orchestra, |n K. 453, |r G major. |
| 700 | 1 | 2 | |i Container of (work): |a Mozart, Wolfgang Amadeus, |d 1756-1791. |t Nozze di Figaro. |p Dove sono? |
| 700 | 1 | 2 | |i Container of (work): |a Mozart, Wolfgang Amadeus, |d 1756-1791. |t Nozze di Figaro. |p Porgi amor. |
| 700 | 1 | 2 | |i Container of (work): |a Strauss, Johann, |d 1825-1899. |t Annen-Polka. |
| 700 | 1 | 2 | |i Container of (work): |a Strauss, Johann, |d 1825-1899. |t Fledermaus. |p Ouverture. |
| 700 | 1 | 2 | |i Container of (work): |a Strauss, Johann, |d 1825-1899. |t Künstlerleben. |
| 700 | 1 | 2 | |i Container of (work): |a Suppé, Franz von, |d 1819-1895. |t Leichte Kavallerie. |p Ouvertüre. |
| 710 | 2 | |a Carnegie Hall (New York, N.Y.) | |
| 710 | 2 | |a WNET (Television station : New York, N.Y.) | |
| 776 | 0 | 8 | |i Videodisc version: |a Cleveland Orchestra. |t Cleveland Orchestra at Carnegie Hall. |d [Leipzig] : EuroArts, 2006-2007 publisher catalog number |o 2056578 |
| 776 | 0 | 8 | |i Vidoedisc version: |a Cleveland Orchestra. |t Cleveland Orchestra at Carnegie Hall. |d [Leipzig] : EuroArts, 2006-2007 |w (OCoLC)180256618 |w (OCoLC)180256618 |
| 856 | 4 | 0 | |u http://proxy.library.tamu.edu/login?url=https://www.aspresolver.com/aspresolver.asp?AVN2;1748063 |z Connect to this streaming video (Alexander Street Press) |t 0 |
| 856 | 4 | 0 | |u http://proxy.library.tamu.edu/login?url=https://www.aspresolver.com/aspresolver.asp?AVN2;1748119 |z Connect to this streaming video (Alexander Street Press) |t 0 |
| 955 | |a Alexander Street Press subscription streaming video | ||
| 994 | |a 92 |b TXA | ||
| 999 | f | f | |s e33ea383-1312-40dd-a8fe-2f306b473bbe |i 12b84146-3ab2-4a52-929e-c63506144992 |t 0 |
| 952 | f | f | |a Texas A&M University |b College Station |c Electronic Resources |d Available Online |t 0 |h Library of Congress classification |
| 998 | f | f | |t 0 |l Available Online |